Top 25 Moich ulubionych ikon w Historii FIFA - Statystyki

Ogólne statystyki
  • Ten quiz został rozwiązany 27 razy
  • Średni wynik to 9 z 25
Statystyki odpowiedzi
Miejsce Ikona % Poprawnych
4. Pele
92%
6. Ronaldinho
84%
2. Ronaldo Nazario
76%
5. Maradona
72%
3. Zinedine Zidane
56%
14. Paolo Maldini
52%
1. Johan Cruyff
44%
22. Roberto Carlos
44%
10. Eusebio
40%
15. Gullit
40%
16. Gerd Muller
36%
9. Thiery Henry
36%
18. Garrincha
32%
19. Patrick Vieira
32%
24. Samuel Eto'o
32%
13. bobby Charlton
28%
8. Jairzinho
28%
23. Carlos Alberto
24%
7. Puskas
20%
25. Rio Ferdinand
20%
11. Emilio Butragueno
16%
12. Lothar Matthaus
16%
17. Zico
12%
21. Erick Cantona
8%
20. Allesandro Del Pierro
0%
Nie znaleziono quizów pasujących do podanych kryteriów
Rozkład punktacji
Procent ludzi z każdym wynikiem
Percentyl według liczby udzielonych odpowiedzi
Twoja historia wyników
Nie rozwiązałeś tego quizu